Statystyki dla Państwa leżące na Saharze

Kliknij tutaj aby rozwiązać quiz!

Ogólne statystyki

  • Ten quiz został rozwiązany 17 344 razy
  • Średni wynik to 9 z 10

Statystyki odpowiedzi

Kraj% Poprawnych
Egipt
95%
Algieria
93%
Maroko
93%
Sudan
88%
Libia
87%
Niger
86%
Czad
84%
Tunezja
81%
Mali
79%
Mauretania
77%

Rozkład punktacji

Percentyl według liczby udzielonych odpowiedzi

Procent ludzi z każdym wynikiem

Twoja historia wyników

Nie rozwiązałeś tego quizu